EPIC: The Musical - Voice Actor Pictures - Statistics

General Stats
  • This quiz has been taken 144 times
  • The average score is 16 of 24
Answer Stats
Picture Answer % Correct
Odysseus | Winions | Polyphemus
90%
Circe
87%
Hermes
87%
Ares
85%
Telemachus
85%
Calypso
84%
Eurylochus
82%
Zeus | Elpenor
81%
Aphrodite
80%
Polites
78%
Sirens | Penelope
75%
Hephaestus
71%
Athena
70%
Perimedes | Antinous
70%
Tiresias
69%
Poseidon
63%
Anticlea
62%
Hera
60%
Aeolus
58%
Scylla
53%
Apollo
52%
Eurymachus
33%
Melanthius
24%
Amphinomus
21%
No matching quizzes found
Score Distribution
Percent of People with Each Score
Percentile by Number Answered
Your Score History
You have not taken this quiz